[Event "SWE-ch"]
[Site "Ronneby"]
[Date "2018.07.02"]
[Round "3"]
[White "Seo, Jung Min"]
[Black "Von Bahr, Oskar"]
[Result "1/2-1/2"]
[WhiteElo "2347"]
[BlackElo "2431"]
[PlyCount "55"]
[EventDate "2018.06.30"]
[EventType "tourn"]
[EventRounds "9"]
[EventCountry "SWE"]
[EventCategory "10"]
[SourceTitle "CBM 185 Extra"]
[Source "ChessBase"]
[SourceDate "2018.07.29"]
[SourceVersion "1"]
[SourceVersionDate "2018.07.29"]
[SourceQuality "1"]

1. d4 Nf6 2. Nf3 e6 3. c4 c5 4. d5 b5 5. Bg5 exd5 6. cxd5 h6 7. Bxf6 Qxf6 8. Nc3 b4 9. Na4 d6 10. e4 g6 11. Bb5+ Bd7 12. Qe2 a6 13. Bxd7+ Nxd7 14. 0-0 Bg7 15. Nd2 0-0 16. Rae1 Qd8 17. Nc4 Qc7 18. f4 Rfe8 19. Qf3 Rad8 20. b3 a5 21. Kh1 Rb8 22. Re2 Rf8 23. Rfe1 Rbe8 24. g3 Bd4 25. Kg2 Kg7 26. Kh1 Kg8 27. Rd1 Kg7 28. Rde1 1/2-1/2

[Event "SWE-ch"]
[Site "Ronneby"]
[Date "2018.07.01"]
[Round "2"]
[White "Von Bahr, Oskar"]
[Black "Grandelius, Nils"]
[Result "0-1"]
[WhiteElo "2431"]
[BlackElo "2668"]
[PlyCount "62"]
[EventDate "2018.06.30"]
[EventType "tourn"]
[EventRounds "9"]
[EventCountry "SWE"]
[EventCategory "10"]
[SourceTitle "CBM 185 Extra"]
[Source "ChessBase"]
[SourceDate "2018.07.29"]
[SourceVersion "1"]
[SourceVersionDate "2018.07.29"]
[SourceQuality "1"]

1. Nf3 d5 2. g3 Nd7 3. c4 dxc4 4. Qa4 g6 5. Bg2 Bg7 6. 0-0 Nh6 7. Qxc4 0-0 8. d3 Nb6 9. Qc2 Nf5 10. Nbd2 Bd7 11. Rb1 Rc8 12. Nc4 c5 13. e3 Nxc4 14. dxc4 Nd6 15. Nd2 Qa5 16. b3 b5 17. Rd1 Bg4 18. Bf3 Bf5 19. e4 Be6 20. Be2 Rfd8 21. Kg2 h5 22. f3 Rb8 23. cxb5 Nxb5 24. Bxb5 Qxb5 25. Re1 Rd3 26. Bb2 Qd7 27. Re2 Bh3+ 28. Kh1 Bxb2 29. Rxb2 Qd4 30. Rb1 Rd8 31. Rb2 Re3 0-1

[Event "Fagernes TV2 GM op"]
[Site "Fagernes"]
[Date "2018.03.25"]
[Round "1"]
[White "Von Bahr, Oskar"]
[Black "Lien, Kjell Hakon"]
[Result "1-0"]
[WhiteElo "2421"]
[BlackElo "2133"]
[PlyCount "111"]
[EventDate "2018.03.25"]
[EventType "swiss"]
[EventRounds "9"]
[EventCountry "NOR"]
[SourceTitle "CBM 183 Extra"]
[Source "ChessBase"]
[SourceDate "2018.04.19"]
[SourceVersion "1"]
[SourceVersionDate "2018.04.19"]
[SourceQuality "1"]

1. c4 Nf6 2. g3 e6 3. Bg2 d5 4. Nf3 c6 5. b3 b5 6. cxb5 cxb5 7. 0-0 Be7 8. Bb2 0-0 9. a3 Bb7 10. Nc3 Qb6 11. e3 Nbd7 12. Ne2 a5 13. Qb1 Rfc8 14. Bd4 Bc5 15. Bxc5 Rxc5 16. b4 axb4 17. axb4 Rcc8 18. Qb2 Ne4 19. d3 Nd6 20. Rfc1 Rxc1+ 21. Rxc1 Rc8 22. Rxc8+ Nxc8 23. Nd2 Ne7 24. Nb3 Nc6 25. Qc3 Qa6 26. Ned4 Nxd4 27. Nxd4 Qb6 28. h4 h6 29. Nb3 Nb8 30. Nc5 Na6 31. d4 Bc6 32. Bf1 Nxc5 33. dxc5 Qc7 34. Qa1 e5 35. Qa6 Qd7 36. Bh3 Qc7 37. Qb6 Qxb6 38. cxb6 Bb7 39. Bd7 Kf8 40. Bxb5 Ke7 41. Kf1 Kd6 42. Ke2 g5 43. Kd2 f6 44. Kc2 f5 45. Kd3 g4 46. Kc3 Bc8 47. Be8 Bb7 48. Bg6 Ke6 49. b5 Kd6 50. Bxf5 Kc5 51. Bxg4 Kxb5 52. Bf5 Kc5 53. g4 d4+ 54. exd4+ exd4+ 55. Kd2 Kd6 56. f4 1-0

[Event "SWE-chT 1718 Elite"]
[Site "Sweden"]
[Date "2018.02.24"]
[Round "6.1"]
[White "Von Bahr, Oskar"]
[Black "Lindberg, Henrik"]
[Result "1-0"]
[WhiteElo "2431"]
[BlackElo "2229"]
[PlyCount "124"]
[EventDate "2017.10.20"]
[EventType "team-tourn"]
[EventRounds "9"]
[EventCountry "SWE"]
[SourceTitle "EXT 2019"]
[Source "ChessBase"]
[SourceDate "2018.10.10"]
[SourceVersion "1"]
[SourceVersionDate "2018.10.10"]
[SourceQuality "1"]
[WhiteTeam "Kungstornet"]
[BlackTeam "Upsala"]
[WhiteTeamCountry "SWE"]
[BlackTeamCountry "SWE"]

1. d4 Nf6 2. c4 e6 3. Nf3 b6 4. g3 Bb7 5. Bg2 Be7 6. 0-0 0-0 7. d5 exd5 8. Nh4 c6 9. cxd5 cxd5 10. Nf5 Na6 11. Bf4 Re8 12. Nc3 Nc7 13. Bd6 Bf8 14. Qc1 Re6 15. Bxf8 Qxf8 16. Rd1 Bc6 17. Qf4 Rc8 18. a4 a5 19. Rd2 Qb4 20. Qg5 Qf8 21. Rad1 Ne4 22. Bxe4 dxe4 23. Qe3 Qc5 24. Qg5 Qf8 25. Nd4 Ree8 26. Qe3 Qc5 27. Rc2 Qe5 28. Nxc6 dxc6 29. Qxb6 e3 30. Qxe3 Qxe3 31. fxe3 Rxe3 32. Rd6 Re6 33. Rd7 Kf8 34. Rcd2 Ke8 35. Kf2 Rf6+ 36. Kg2 Re6 37. Kf3 Rf6+ 38. Kg2 Re6 39. Kf2 Rf6+ 40. Ke1 Re6 41. R2d4 Na6 42. Ra7 Nc5 43. Rh4 h6 44. Rxa5 Nb3 45. Ra7 Rb8 46. Rf4 Re7 47. Re4 Rxe4 48. Nxe4 Nd4 49. Nd6+ Kf8 50. Rxf7+ Kg8 51. Rb7 Ra8 52. b3 Rd8 53. Nc4 Re8 54. e3 Re4 55. a5 Nxb3 56. Rb8+ Kh7 57. Rxb3 Rxc4 58. Ra3 Rb4 59. a6 Rb8 60. a7 Ra8 61. Kd2 Kg6 62. Kd3 Kf5 1-0